Happy families : how to make one, how to keep one (Record no. 40773)

MARC details
000 -LEADER
fixed length control field 00422nam a2200181Ia 4500
020 ## - INTERNATIONAL STANDARD BOOK NUMBER
ISBN 0-563-51942-8
050 ## - CALL MARK
Classification number HV 28 .L83/
100 ## - STATEMENT OF RESPONSIBILITY--MAIN AUTHOR NAME
Personal name Lucas, Bill
245 #0 - TITLE STATEMENT
Title Happy families : how to make one, how to keep one
260 ## - PUBLICATION, DISTRIBUTION, ETC. (IMPRINT)
Place of publication Essex
260 ## - PUBLICATION, DISTRIBUTION, ETC. (IMPRINT)
Name of publisher BBC Active
260 ## - PUBLICATION, DISTRIBUTION, ETC. (IMPRINT)
Year of publication 2006
300 ## - PHYSICAL DESCRIPTION
Number of Pages 218 p
650 ## - SUBJECT ADDED ENTRY--TOPICAL TERM
Topical Term Essex
942 ## - ADDED ENTRY ELEMENTS (KOHA)
Koha item type Books
Holdings
Withdrawn status Lost status Damaged status Not for loan Permanent Location Current Location Shelving location Date acquired Accession Number Price effective from Koha item type
        NILE UNIVERSITY OF NIGERIA - MAIN LIBRARY NILE UNIVERSITY OF NIGERIA - MAIN LIBRARY Items on shelf 06/03/2025 0004404 06/03/2025 Books
        NILE UNIVERSITY OF NIGERIA - MAIN LIBRARY NILE UNIVERSITY OF NIGERIA - MAIN LIBRARY Items on shelf 06/03/2025 0004405 06/03/2025 Books